[Event "Sparkassen-Open A"]
[Site "Heusenstamm, Martinsee"]
[Date "2021.11.19"]
[Round "3.10"]
[White "Pietzsch, Manuel"]
[Black "Hirneise, Jens"]
[Result "0-1"]
[WhiteElo "2137"]
[BlackElo "2284"]
[PlyCount "170"]
[EventDate "2021.??.??"]
[WhiteTeam "SG Leipzig"]
[BlackTeam "SC Böblingen"]

{[%evp 0,19,18,18,45,45,93,64,62,28,37,37,60,59,56,59,59,59,60,57,58,61]} 1. e4
c5 2. Nf3 {[%emt 0:00:02]} d6 3. d4 cxd4 4. Nxd4 Nf6 5. Nc3 Bd7 6. Be3 Ng4 7.
Bc1 Nf6 8. Be3 a6 9. Be2 e5 {[%emt 0:04:00]} 10. Nb3 {[%emt 0:03:06]} Bc6 {
[%emt 0:04:06]} 11. Qd3 {[%emt 0:23:01]} Be7 {[%emt 0:02:33]} 12. Rd1 {[%emt 0:
04:48]} b5 {[%emt 0:07:02]} 13. a3 {[%emt 0:00:42]} Nbd7 {[%emt 0:02:15]} 14.
O-O {[%emt 0:04:58]} O-O {[%emt 0:02:29]} 15. Bf3 {[%emt 0:11:32]} Qc7 {
[%emt 0:03:34]} 16. g4 {[%emt 0:04:13]} Rfb8 {[%emt 0:07:51]} 17. g5 {[%emt 0:
03:27]} Ne8 {[%emt 0:00:32]} 18. Bg2 {[%emt 0:06:55]} a5 {[%emt 0:03:58]} 19.
f4 {[%emt 0:02:16]} a4 {[%emt 0:15:44]} 20. Nd2 {[%emt 0:01:46]} exf4 {[%emt 0:
00:04]} 21. Bxf4 {[%emt 0:00:19]} Ne5 {[%emt 0:00:44]} 22. Qg3 {[%emt 0:02:35]}
b4 {[%emt 0:06:11]} 23. axb4 {[%emt 0:01:26]} Rxb4 {[%emt 0:02:21]} 24. Nf3 {
[%emt 0:00:14]} Nc4 {[%emt 0:04:31]} 25. Nd4 {[%emt 0:01:46]} Ne5 {[%emt 0:09:
04]} 26. Nf3 {[%emt 0:02:17]} Nxf3+ {[%emt 0:08:10]} 27. Qxf3 {[%emt 0:00:14]}
Bf8 {[%emt 0:00:36]} 28. Bc1 {[%emt 0:00:24]} Ra7 {[%emt 0:00:43]} 29. Rde1 {
[%emt 0:05:20]} g6 {[%emt 0:02:08]} 30. Nd5 {[%emt 0:00:08]} Bxd5 {[%emt 0:00:
08]} 31. exd5 {[%emt 0:00:03]} Rb8 {[%emt 0:01:37]} 32. c3 {[%emt 0:00:49]} Bg7
{[%emt 0:01:26]} 33. Re2 {[%emt 0:01:46]} Be5 {[%emt 0:00:37]} 34. Bh3 {
[%emt 0:00:10]} Ng7 {[%emt 0:00:32]} 35. Bg4 {[%emt 0:00:36]} Rf8 {[%emt 0:02:
38]} 36. Ref2 {[%emt 0:01:20]} a3 {[%emt 0:01:53]} 37. bxa3 Qxc3 {[%emt 0:01:
00]} 38. Qxc3 {[%emt 0:00:50]} Bxc3 39. Rc2 {[%emt 0:01:02]} Bd4+ {[%emt 0:00:
29]} 40. Kg2 {[%emt 0:00:10]} Bc5 {[%emt 0:01:06]} 41. Re1 {[%emt 0:19:50]} Ne8
{[%emt 0:13:18]} 42. Be3 {[%emt 0:05:09]} Bxe3 {[%emt 0:02:52]} 43. Rxe3 Ra5 {
[%emt 0:03:14]} 44. Rd3 {[%emt 0:02:38]} Ng7 {[%emt 0:00:51]} 45. Rc6 {[%emt 0:
00:33]} Rd8 {[%emt 0:01:31]} 46. Rdc3 {[%emt 0:00:39]} Nf5 {[%emt 0:03:19]} 47.
Bxf5 {[%emt 0:00:48]} gxf5 {[%emt 0:00:34]} 48. Rd3 {[%emt 0:00:04]} Kg7 {
[%emt 0:00:20]} 49. Kg3 {[%emt 0:00:28]} Kg6 {[%emt 0:00:34]} 50. h4 {[%emt 0:
00:47]} Ra4 {[%emt 0:00:28]} 51. Rc7 {[%emt 0:01:24]} Rg4+ {[%emt 0:02:45]} 52.
Kh3 {[%emt 0:00:17]} Kh5 {[%emt 0:01:34]} 53. Rxf7 {[%emt 0:00:33]} Rxh4+ 54.
Kg3 Rg4+ {[%emt 0:00:04]} 55. Kh3 {[%emt 0:01:46]} Kg6 {[%emt 0:00:54]} 56. Re7
{[%emt 0:00:26]} Rxg5 {[%emt 0:00:58]} 57. Rde3 {[%emt 0:01:20]} h6 {[%emt 0:
03:19]} 58. R3e6+ {[%emt 0:02:34]} Kh5 {[%emt 0:00:33]} 59. Rf6 {[%emt 0:00:45]
} Ra8 {[%emt 0:01:22]} 60. Re3 {[%emt 0:00:29]} Ra4 {[%emt 0:02:04]} 61. Rg3 {
[%emt 0:00:20]} Rxg3+ {[%emt 0:00:23]} 62. Kxg3 {[%emt 0:00:03]} Kg5 {[%emt 0:
00:14]} 63. Rxd6 {[%emt 0:00:07]} Rxa3+ {[%emt 0:00:23]} 64. Kg2 {[%emt 0:00:
08]} h5 {[%emt 0:00:30]} 65. Rb6 {[%emt 0:00:06]} Rd3 {[%emt 0:00:29]} 66. d6 {
[%emt 0:00:31]} h4 {[%emt 0:00:31]} 67. Kh2 {[%emt 0:01:46]} Kg4 {[%emt 0:00:
29]} 68. Rb4+ {[%emt 0:00:33]} f4 {[%emt 0:00:03]} 69. Rb2 {[%emt 0:01:17]} h3
{[%emt 0:01:03]} 70. Rb8 {[%emt 0:00:34]} Rd2+ {[%emt 0:00:05]} 71. Kg1 {
[%emt 0:00:17]} Rd1+ {[%emt 0:01:27]} 72. Kh2 {[%emt 0:00:03]} Rd2+ 73. Kg1
Rxd6 {[%emt 0:00:33]} 74. Rg8+ {[%emt 0:00:30]} Kf3 {[%emt 0:00:03]} 75. Kh2 {
[%emt 0:00:04]} Kf2 {[%emt 0:00:40]} 76. Kxh3 {[%emt 0:00:08]} Rh6+ {[%emt 0:
00:45]} 77. Kg4 {[%emt 0:00:25]} f3 {[%emt 0:00:07]} 78. Rf8 {[%emt 0:02:57]}
Rg6+ {[%emt 0:00:14]} 79. Kf4 {[%emt 0:00:06]} Kg2 {[%emt 0:00:09]} 80. Ke3 {
[%emt 0:00:27]} Re6+ {[%emt 0:00:20]} 81. Kf4 f2 {[%emt 0:01:53]} 82. Rg8+ {
[%emt 0:00:34]} Kf1 83. Ra8 {[%emt 0:01:14]} Rg6 {[%emt 0:00:28]} 84. Ra1+ {
[%emt 0:00:44]} Kg2 {[%emt 0:00:10]} 85. Ra2 {[%emt 0:00:04]} Kg1 {[%emt 0:00:
04]} 0-1

[Event "Sparkassen-Open A"]
[Site "Heusenstamm, Martinsee"]
[Date "2021.11.19"]
[Round "3.11"]
[White "Deuer, Marius"]
[Black "Steinle, Carsten"]
[Result "1-0"]
[WhiteElo "2282"]
[BlackElo "2117"]
[PlyCount "83"]
[EventDate "2021.??.??"]
[WhiteTeam "TG Biberach"]
[BlackTeam "SV Ahlen"]

{[%evp 0,17,18,15,18,15,54,37,50,29,42,40,39,28,28,20,22,38,43,34]} 1. d4 Nf6
2. Nf3 c6 3. c4 d6 4. g3 Nbd7 5. Bg2 e5 6. Nc3 Be7 7. O-O O-O 8. e4 Re8 9. h3
Qc7 10. Be3 {[%emt 0:00:36]} a6 11. d5 b5 {[%emt 0:05:13]} 12. cxb5 {[%emt 0:
10:22]} cxb5 {[%emt 0:02:34]} 13. Nd2 {[%emt 0:00:34]} Qb8 {[%emt 0:11:37]} 14.
g4 {[%emt 0:04:00]} Nf8 {[%emt 0:03:05]} 15. a4 {[%emt 0:01:15]} b4 {[%emt 0:
05:47]} 16. Ne2 {[%emt 0:03:10]} N6d7 {[%emt 0:02:54]} 17. a5 {[%emt 0:02:50]}
Qb5 {[%emt 0:04:31]} 18. Ng3 {[%emt 0:01:26]} Nc5 {[%emt 0:01:40]} 19. Re1 {
[%emt 0:08:17]} Bd7 {[%emt 0:08:32]} 20. Bf1 {[%emt 0:00:35]} Qb8 {[%emt 0:00:
14]} 21. Nc4 {[%emt 0:10:09]} Ra7 {[%emt 0:16:52]} 22. Bxc5 {[%emt 0:07:11]}
dxc5 {[%emt 0:00:20]} 23. d6 {[%emt 0:01:25]} Bf6 {[%emt 0:05:30]} 24. Nh5 {
[%emt 0:02:07]} Ne6 {[%emt 0:04:20]} 25. f4 {[%emt 0:05:50]} Bh4 {[%emt 0:04:
05]} 26. fxe5 {[%emt 0:03:45]} Bxe1 {[%emt 0:03:00]} 27. Qxe1 {[%emt 0:00:16]}
Qd8 {[%emt 0:00:03]} 28. Qg3 {[%emt 0:00:54]} Nd4 {[%emt 0:04:15]} 29. Kh2 {
[%emt 0:02:11]} Qg5 {[%emt 0:01:52]} 30. Bd3 {[%emt 0:02:44]} Bb5 {[%emt 0:02:
40]} 31. h4 {[%emt 0:00:21]} Qh6 {[%emt 0:01:04]} 32. Rf1 {[%emt 0:02:54]} Rb7
{[%emt 0:02:43]} 33. Nf4 {[%emt 0:01:16]} g6 {[%emt 0:00:41]} 34. g5 {[%emt 0:
00:43]} Qg7 {[%emt 0:00:21]} 35. Nd5 Bxc4 {[%emt 0:00:47]} 36. Nf6+ {[%emt 0:
00:23]} Kf8 37. Nxe8 {[%emt 0:00:31]} Kxe8 {[%emt 0:00:20]} 38. Bxc4 Ra7 {
[%emt 0:00:50]} 39. Rf6 {[%emt 0:00:52]} h6 {[%emt 0:00:25]} 40. e6 {[%emt 0:
02:55]} fxe6 {[%emt 0:00:34]} 41. Bxe6 {[%emt 0:01:56]} Nxe6 {[%emt 0:04:25]}
42. Qe5 {[%emt 0:03:25]} 1-0

[Event "Sparkassen-Open A"]
[Site "Heusenstamm, Martinsee"]
[Date "2021.11.19"]
[Round "3.12"]
[White "Schupp, Tobias"]
[Black "Suvorov, Luca"]
[Result "1/2-1/2"]
[WhiteElo "2121"]
[BlackElo "2280"]
[PlyCount "47"]
[EventDate "2021.??.??"]
[WhiteTeam "SK Niederbrechen"]
[BlackTeam "SG Porz"]

{[%evp 0,15,14,15,15,15,19,9,17,-2,22,53,37,16,28,37,49,-8]} 1. d4 Nf6 2. Nf3
d5 3. e3 Bg4 4. c4 e6 5. Qb3 Qc8 6. Ne5 Bf5 7. Nc3 c6 8. Bd2 Nbd7 {[%emt 0:04:
02]} 9. Rc1 {[%emt 0:05:19]} Nxe5 {[%emt 0:13:15]} 10. dxe5 {[%emt 0:00:19]}
Ne4 {[%emt 0:15:27]} 11. Nxe4 {[%emt 0:02:34]} Bxe4 {[%emt 0:00:40]} 12. f3 {
[%emt 0:03:59]} Bg6 {[%emt 0:04:56]} 13. Bb4 {[%emt 0:07:17]} Bxb4+ {[%emt 0:
02:24]} 14. Qxb4 {[%emt 0:00:11]} Qc7 {[%emt 0:01:03]} 15. f4 {[%emt 0:07:00]}
O-O-O {[%emt 0:07:56]} 16. Be2 {[%emt 0:00:48]} f6 {[%emt 0:10:28]} 17. exf6 {
[%emt 0:01:17]} gxf6 {[%emt 0:00:10]} 18. O-O {[%emt 0:00:22]} Kb8 {[%emt 0:05:
10]} 19. Bf3 {[%emt 0:02:41]} Bd3 {[%emt 0:01:22]} 20. cxd5 {[%emt 0:03:15]}
exd5 {[%emt 0:03:14]} 21. Rfd1 {[%emt 0:00:35]} Be4 {[%emt 0:06:00]} 22. Bxe4 {
[%emt 0:00:45]} dxe4 {[%emt 0:00:16]} 23. Qxe4 {[%emt 0:00:20]} Qb6 {[%emt 0:
01:07]} 24. Rxd8+ {[%emt 0:07:47]} 1/2-1/2

[Event "Sparkassen-Open A"]
[Site "Heusenstamm, Martinsee"]
[Date "2021.11.19"]
[Round "3.13"]
[White "Spilles, Matthias"]
[Black "Poetsch, Hagen"]
[Result "0-1"]
[WhiteElo "2088"]
[BlackElo "2513"]
[PlyCount "72"]
[EventDate "2021.??.??"]
[WhiteTeam "Brühler SK"]
[BlackTeam "SC Heusenstamm"]

{[%evp 0,17,17,18,45,56,79,57,57,37,37,36,46,27,69,42,88,61,64,68]} 1. e4 c5 2.
Nf3 d6 3. d4 cxd4 4. Nxd4 Nf6 5. Nc3 a6 6. Be3 Ng4 7. Bc1 g6 8. h3 Nf6 9. Be3
Bg7 10. Qd2 b5 11. f3 h5 12. O-O-O Bb7 {[%emt 0:00:13]} 13. Nb3 {[%emt 0:08:02]
} Nbd7 {[%emt 0:01:57]} 14. Qf2 {[%emt 0:07:15]} Rc8 {[%emt 0:07:47]} 15. Bd4 {
[%emt 0:07:44]} Bh6+ {[%emt 0:15:04]} 16. Kb1 {[%emt 0:01:10]} e5 {[%emt 0:01:
55]} 17. Be3 {[%emt 0:03:29]} Bxe3 {[%emt 0:01:11]} 18. Qxe3 {[%emt 0:00:06]}
b4 {[%emt 0:07:52]} 19. Nd5 {[%emt 0:09:43]} Nxd5 {[%emt 0:00:49]} 20. exd5 {
[%emt 0:00:05]} Qc7 {[%emt 0:06:04]} 21. Qf2 {[%emt 0:09:29]} Nb6 {[%emt 0:04:
50]} 22. Bd3 {[%emt 0:05:17]} Kf8 {[%emt 0:02:08]} 23. f4 {[%emt 0:01:58]} Nxd5
{[%emt 0:07:04]} 24. fxe5 {[%emt 0:03:06]} dxe5 {[%emt 0:00:14]} 25. Bxg6 {
[%emt 0:02:28]} Rg8 {[%emt 0:03:44]} 26. Bf5 {[%emt 0:03:40]} Rxg2 {[%emt 0:00:
22]} 27. Qxg2 {[%emt 0:09:01]} Nc3+ {[%emt 0:00:37]} 28. bxc3 Bxg2 29. Rhg1 Rd8
{[%emt 0:05:32]} 30. Rxd8+ {[%emt 0:01:21]} Qxd8 {[%emt 0:00:27]} 31. Rxg2 {
[%emt 0:00:54]} Qd1+ {[%emt 0:00:25]} 32. Nc1 {[%emt 0:02:25]} Qf3 {[%emt 0:00:
34]} 33. Rg5 {[%emt 0:01:53]} f6 {[%emt 0:00:48]} 34. Bg4 {[%emt 0:01:01]} hxg4
{[%emt 0:00:05]} 35. Rxg4 {[%emt 0:00:37]} bxc3 {[%emt 0:00:04]} 36. Rc4 {
[%emt 0:02:16]} f5 {[%emt 0:02:26]} 0-1

[Event "Sparkassen-Open A"]
[Site "Heusenstamm, Martinsee"]
[Date "2021.11.19"]
[Round "3.14"]
[White "Krastev, Alexander"]
[Black "Cichy, Michael"]
[Result "1-0"]
[WhiteElo "2418"]
[BlackElo "2059"]
[PlyCount "71"]
[EventDate "2021.??.??"]
[WhiteTeam "SG Solingen"]
[BlackTeam "SC BS Gliesmarode"]

{[%evp 0,13,17,15,45,49,64,35,34,47,53,53,63,62,45,57]} 1. e4 c5 2. Nf3 {
[%emt 0:00:07]} e6 3. d4 cxd4 4. Nxd4 Nc6 5. Nc3 Qc7 6. g3 a6 7. Bg2 Nf6 8. O-O
h5 9. Re1 Nxd4 {[%emt 0:00:40]} 10. Qxd4 {[%emt 0:00:12]} Bc5 {[%emt 0:00:35]}
11. Bf4 {[%emt 0:01:58]} d6 {[%emt 0:00:22]} 12. Qd2 {[%emt 0:00:33]} e5 {
[%emt 0:08:17]} 13. Be3 {[%emt 0:04:08]} Be6 {[%emt 0:02:11]} 14. Bxc5 {
[%emt 0:01:57]} Qxc5 {[%emt 0:01:17]} 15. Rad1 {[%emt 0:00:31]} Rd8 {[%emt 0:
03:19]} 16. h3 {[%emt 0:03:39]} b5 {[%emt 0:03:02]} 17. Re3 {[%emt 0:02:29]}
O-O {[%emt 0:10:37]} 18. a3 {[%emt 0:10:51]} a5 {[%emt 0:08:05]} 19. Nd5 {
[%emt 0:22:00]} Bxd5 {[%emt 0:02:49]} 20. exd5 {[%emt 0:01:18]} b4 {[%emt 0:01:
33]} 21. axb4 {[%emt 0:01:43]} axb4 {[%emt 0:00:11]} 22. Ra1 {[%emt 0:00:18]}
Ra8 {[%emt 0:00:40]} 23. Rxa8 {[%emt 0:00:47]} Rxa8 24. Rb3 {[%emt 0:00:05]}
Ra1+ {[%emt 0:16:08]} 25. Kh2 {[%emt 0:00:37]} Ra4 26. c3 {[%emt 0:21:19]} bxc3
{[%emt 0:05:13]} 27. Rb8+ {[%emt 0:07:09]} Kh7 {[%emt 0:01:12]} 28. Qc2+ {
[%emt 0:00:17]} e4 {[%emt 0:00:36]} 29. Qxa4 {[%emt 0:04:05]} c2 {[%emt 0:01:
01]} 30. Bxe4+ {[%emt 0:00:03]} Nxe4 {[%emt 0:00:36]} 31. Qxe4+ {[%emt 0:00:14]
} g6 {[%emt 0:00:25]} 32. Qf4 {[%emt 0:01:06]} Kg7 {[%emt 0:04:59]} 33. Rb7 {
[%emt 0:02:32]} c1=Q {[%emt 0:04:17]} 34. Qxf7+ {[%emt 0:00:16]} Kh6 {[%emt 0:
00:10]} 35. Qf8+ {[%emt 0:00:04]} Kg5 {[%emt 0:00:09]} 36. h4+ {[%emt 0:00:24]}
1-0

[Event "Sparkassen-Open A"]
[Site "Heusenstamm, Martinsee"]
[Date "2021.11.19"]
[Round "3.15"]
[White "Schröder, Jürgen"]
[Black "Suvorov, Alexander"]
[Result "0-1"]
[WhiteElo "2054"]
[BlackElo "2391"]
[PlyCount "70"]
[EventDate "2021.??.??"]
[WhiteTeam "SC Matt im Park"]
[BlackTeam "SG Porz"]

{[%evp 0,17,17,15,45,53,53,-6,23,-17,14,-12,6,16,25,20,26,14,30,16]} 1. e4 c5 {
[%emt 6:28:46]} 2. Be2 {[%emt 0:00:29]} Nc6 {[%emt 0:02:22]} 3. f4 {[%emt 0:00:
09]} d5 {[%emt 0:02:32]} 4. d3 {[%emt 0:00:29]} g6 {[%emt 0:03:25]} 5. Nf3 {
[%emt 0:09:10]} Bg7 {[%emt 0:00:05]} 6. O-O Nf6 {[%emt 0:01:26]} 7. e5 {
[%emt 0:07:55]} Ng4 {[%emt 0:02:03]} 8. c3 {[%emt 0:06:07]} d4 {[%emt 0:03:46]}
9. Ng5 {[%emt 0:05:18]} Nh6 {[%emt 0:07:14]} 10. Bf3 {[%emt 0:02:00]} O-O {
[%emt 0:12:59]} 11. Bxc6 {[%emt 0:19:35]} bxc6 {[%emt 0:00:15]} 12. Ne4 {
[%emt 0:00:31]} dxc3 {[%emt 0:06:40]} 13. bxc3 {[%emt 0:01:32]} c4 {[%emt 0:01:
43]} 14. d4 {[%emt 0:04:17]} Be6 {[%emt 0:03:40]} 15. Ba3 {[%emt 0:05:07]} Bd5
{[%emt 0:06:34]} 16. Nbd2 {[%emt 0:00:28]} Re8 {[%emt 0:05:29]} 17. Qe2 {
[%emt 0:07:36]} Qc8 {[%emt 0:04:01]} 18. Nc5 {[%emt 0:03:34]} Qg4 {[%emt 0:02:
20]} 19. Qxg4 {[%emt 0:03:46]} Nxg4 {[%emt 0:00:23]} 20. Rfe1 {[%emt 0:00:11]}
a5 {[%emt 0:04:14]} 21. h3 {[%emt 0:01:11]} Nh6 {[%emt 0:00:34]} 22. Rab1 {
[%emt 0:00:06]} f6 {[%emt 0:02:04]} 23. Nde4 {[%emt 0:07:46]} Nf7 {[%emt 0:06:
21]} 24. Nd7 {[%emt 0:07:17]} fxe5 {[%emt 0:01:11]} 25. Nxe5 {[%emt 0:01:55]}
Bxe4 {[%emt 0:04:33]} 26. Rxe4 {[%emt 0:00:10]} Nd6 {[%emt 0:00:04]} 27. Re3 {
[%emt 0:03:04]} Bxe5 {[%emt 0:00:18]} 28. Rxe5 {[%emt 0:03:21]} Nb5 {[%emt 0:
00:44]} 29. Bxe7 {[%emt 0:01:35]} Nxc3 {[%emt 0:00:45]} 30. Rb2 {[%emt 0:01:05]
} Nd5 {[%emt 0:00:42]} 31. Bd6 {[%emt 0:00:29]} c3 {[%emt 0:01:55]} 32. Rb1 {
[%emt 0:02:48]} Red8 {[%emt 0:00:41]} 33. Ba3 {[%emt 0:01:31]} Nxf4 {[%emt 0:
00:54]} 34. Bc1 {[%emt 0:01:00]} Nd3 {[%emt 0:00:19]} 35. Re7 {[%emt 0:00:23]}
Rab8 {[%emt 0:00:47]} 0-1

[Event "Sparkassen-Open A"]
[Site "Heusenstamm, Martinsee"]
[Date "2021.11.19"]
[Round "3.16"]
[White "Klundt, Klaus"]
[Black "Calvi, Stefan"]
[Result "1/2-1/2"]
[WhiteElo "2307"]
[BlackElo "2053"]
[PlyCount "102"]
[EventDate "2021.??.??"]
[WhiteTeam "SC Heusenstamm"]
[BlackTeam "SF Frankfurt"]

{[%evp 0,17,17,15,53,55,55,6,6,14,43,30,60,45,34,-1,-2,-2,-2,0]} 1. e4 c5 2.
Nf3 {[%emt 0:00:03]} Nc6 3. d4 cxd4 4. Nxd4 Nf6 5. Nc3 e5 6. Ndb5 d6 7. Bg5 a6
8. Na3 b5 9. Nd5 Be7 10. Bxf6 Bxf6 11. c4 b4 12. Nc2 Rb8 13. b3 Be6 14. g3 Bg5
15. Qd3 O-O {[%emt 0:04:08]} 16. h4 {[%emt 0:01:23]} Bh6 {[%emt 0:02:35]} 17.
Rd1 {[%emt 0:00:54]} Qd7 {[%emt 0:05:10]} 18. Bg2 {[%emt 0:07:16]} a5 {[%emt 0:
04:57]} 19. O-O {[%emt 0:02:11]} f5 {[%emt 0:03:56]} 20. exf5 {[%emt 0:00:16]}
Bxf5 {[%emt 0:00:44]} 21. Be4 {[%emt 0:00:36]} g6 {[%emt 0:03:13]} 22. Nde3 {
[%emt 0:01:49]} Bxe3 {[%emt 0:03:06]} 23. Qxe3 {[%emt 0:03:26]} Ne7 {[%emt 0:
03:55]} 24. Rd2 {[%emt 0:01:05]} Qc7 {[%emt 0:05:00]} 25. Rfd1 {[%emt 0:06:00]}
Rf6 {[%emt 0:01:42]} 26. Qd3 {[%emt 0:04:58]} Rbf8 {[%emt 0:04:03]} 27. Ne3 {
[%emt 0:02:14]} Kh8 {[%emt 0:01:06]} 28. Nd5 {[%emt 0:05:23]} Nxd5 {[%emt 0:00:
29]} 29. Qxd5 Bxe4 {[%emt 0:03:32]} 30. Qxe4 Qb6 {[%emt 0:01:42]} 31. Rf1 {
[%emt 0:01:30]} Kg7 {[%emt 0:02:54]} 32. Qd5 {[%emt 0:00:48]} R8f7 {[%emt 0:03:
35]} 33. c5 {[%emt 0:11:37]} Qxc5 {[%emt 0:05:29]} 34. Qxc5 {[%emt 0:00:36]}
dxc5 35. Rd5 e4 {[%emt 0:07:44]} 36. Re5 {[%emt 0:02:19]} Rf3 {[%emt 0:01:33]}
37. Rxe4 {[%emt 0:01:22]} a4 {[%emt 0:02:05]} 38. bxa4 {[%emt 0:01:27]} Ra3 {
[%emt 0:00:40]} 39. Re2 {[%emt 0:03:13]} Rxa4 {[%emt 0:06:28]} 40. Rc1 {
[%emt 0:00:27]} Rfa7 {[%emt 0:03:50]} 41. Rxc5 {[%emt 0:01:20]} Rxa2 {[%emt 0:
00:57]} 42. Rxa2 {[%emt 0:00:22]} Rxa2 {[%emt 0:00:12]} 43. Rc7+ {[%emt 0:00:
14]} Kg8 {[%emt 0:01:41]} 44. Rb7 {[%emt 0:00:10]} Rb2 {[%emt 0:00:08]} 45. Kg2
{[%emt 0:01:15]} b3 {[%emt 0:07:35]} 46. Kf3 {[%emt 0:00:45]} h6 {[%emt 0:01:
53]} 47. g4 {[%emt 0:00:56]} Rb1 {[%emt 0:00:37]} 48. h5 {[%emt 0:02:27]} gxh5
{[%emt 0:03:57]} 49. gxh5 {[%emt 0:00:24]} b2 {[%emt 0:02:22]} 50. Kf4 {
[%emt 0:00:20]} Rh1 {[%emt 0:01:04]} 51. Rxb2 {[%emt 0:00:32]} Rxh5 {[%emt 0:
00:15]} 1/2-1/2

[Event "Sparkassen-Open A"]
[Site "Heusenstamm, Martinsee"]
[Date "2021.11.19"]
[Round "3.17"]
[White "Berberich, Christoph"]
[Black "Baltic, Fatih"]
[Result "0-1"]
[WhiteElo "2017"]
[BlackElo "2303"]
[PlyCount "48"]
[EventDate "2021.??.??"]
[WhiteTeam "SGEM Dreisamtal"]
[BlackTeam "SV Mülheim-Nord"]

1. d4 Nf6 2. Nf3 d5 3. e3 g6 4. c4 Bg7 5. cxd5 O-O 6. Nc3 Nxd5 7. Qb3 Nb6 8. a4
a5 9. h4 Be6 10. Qc2 Nc6 11. h5 Nb4 12. Qd1 c5 13. hxg6 hxg6 14. Be2 Rc8 15.
O-O Bc4 16. Bxc4 Nxc4 17. b3 cxd4 18. exd4 Nd6 19. Ne2 Nf5 20. Bg5 Qd5 21. Nf4
Qd7 22. Ne2 Qd5 23. Nf4 Qd6 24. Re1 Nc2 0-1

[Event "Sparkassen-Open A"]
[Site "Heusenstamm, Martinsee"]
[Date "2021.11.19"]
[Round "3.18"]
[White "Papadopoulos, Ioannis"]
[Black "Sieber, Fiona"]
[Result "1/2-1/2"]
[WhiteElo "2005"]
[BlackElo "2207"]
[PlyCount "108"]
[EventDate "2021.??.??"]
[WhiteTeam "SV Oberursel"]
[BlackTeam "SG Aufbau Elbe Magdeburg"]

1. e4 c5 2. Nf3 d6 3. d4 cxd4 4. Nxd4 Nf6 5. Nc3 a6 6. a4 g6 7. Be3 Bg7 8. Be2
Bd7 9. O-O O-O 10. Qd2 Nc6 11. Rad1 Rc8 12. Nxc6 Bxc6 13. Bf3 Re8 14. Bd4 Qa5
15. Rfe1 Nd7 16. Bxg7 Kxg7 17. Bg4 Rcd8 18. Bxd7 Bxd7 19. Qd4+ e5 20. Qd5 Qb4
21. Qb3 Qxb3 22. cxb3 Be6 23. b4 f5 24. f3 Kf6 25. Nd5+ Bxd5 26. Rxd5 Ke6 27.
Red1 Rf8 28. exf5+ Rxf5 29. b5 a5 30. b6 Rf4 31. Rxa5 Rb4 32. Rd2 Rxb6 33. Rad5
Ra6 34. a5 b6 35. axb6 Rxb6 36. Kf2 Ra8 37. Kg3 Ra4 38. b3 Raa6 39. R2d3 Ra2
40. h3 h5 41. h4 Rb2 42. Kh2 Rc6 43. Kh3 Ra6 44. g4 Rc6 45. Kg3 Ke7 46. gxh5
Rcc2 47. hxg6 Rg2+ 48. Kh3 Kf6 49. f4 Kf5 50. Rd2 Rbxd2 51. Rxd2 Rxd2 52. g7
Rd3+ 53. Kh2 Rd2+ 54. Kh3 Rd3+ 1/2-1/2

[Event "Sparkassen-Open A"]
[Site "Heusenstamm, Martinsee"]
[Date "2021.11.19"]
[Round "3.19"]
[White "Chandler, Patrick"]
[Black "Seehaus, Bernhard"]
[Result "1-0"]
[WhiteElo "2176"]
[BlackElo "2013"]
[PlyCount "87"]
[EventDate "2021.??.??"]
[WhiteTeam "SV Oberursel"]
[BlackTeam "Schachforum Darmstadt"]

1. e4 d6 2. d4 Nf6 3. Nc3 c6 4. f4 Qa5 5. e5 Ne4 6. Bd2 Nxd2 7. Qxd2 d5 8. h3
e6 9. Nf3 Bb4 10. a3 c5 11. Bd3 Nc6 12. Rb1 Bxc3 13. Qxc3 Qxc3+ 14. bxc3 c4 15.
Be2 a6 16. Kd2 Na7 17. Rb6 h6 18. Rhb1 Kd8 19. a4 Kc7 20. R6b2 Rb8 21. Nh2 Bd7
22. Ra1 Ra8 23. Nf1 Rhb8 24. Rba2 b5 25. axb5 Bxb5 26. Ne3 Nc6 27. f5 Kd7 28.
Bg4 Ke7 29. Rf1 a5 30. Bh5 Nd8 31. f6+ gxf6 32. exf6+ Kf8 33. Ng4 Nc6 34. Nxh6
Nxd4 35. Rf4 Nf5 36. Nxf5 exf5 37. Rxf5 a4 38. Bf3 Bc6 39. Ra3 Rb2 40. Rh5 Kg8
41. Rg5+ Kf8 42. h4 Re8 43. h5 Re5 44. h6 1-0

[Event "Sparkassen-Open A"]
[Site "Heusenstamm, Martinsee"]
[Date "2021.11.19"]
[Round "3.20"]
[White "Kather, Yannick"]
[Black "Benninger, Rudolf"]
[Result "1-0"]
[WhiteElo "2147"]
[BlackElo "2008"]
[PlyCount "55"]
[EventDate "2021.??.??"]
[WhiteTeam "SW Lichtenrade"]
[BlackTeam "SC Heusenstamm"]

1. e4 g6 2. d4 Bg7 3. Nc3 c5 4. Nf3 Qa5 5. Bd2 cxd4 6. Nd5 Qd8 7. Bf4 d6 8.
Nxd4 Nf6 9. Nxf6+ Bxf6 10. Be3 Nc6 11. Qd2 Bd7 12. Be2 Rc8 13. O-O O-O 14. Rac1
a6 15. c4 Nxd4 16. Bxd4 Bxd4 17. Qxd4 Qa5 18. a3 Qc5 19. Qd2 Be6 20. b4 Qa7 21.
Rc3 Rc7 22. Rfc1 Rfc8 23. h4 a5 24. c5 dxc5 25. bxc5 f6 26. Qe3 Rd7 27. h5 Bf7
28. hxg6 1-0

[Event "Sparkassen-Open A"]
[Site "Heusenstamm, Martinsee"]
[Date "2021.11.19"]
[Round "3.21"]
[White "Bardorz, Jana"]
[Black "Heimrath, Reiner"]
[Result "0-1"]
[WhiteElo "1851"]
[BlackElo "2169"]
[PlyCount "72"]
[EventDate "2021.??.??"]
[WhiteTeam "TSV Rottendorf"]
[BlackTeam "SC Noris-Tarrasch Nürnberg"]

1. e4 e5 2. Nf3 Nc6 3. Bc4 Nf6 4. d3 Be7 5. O-O d6 6. a4 O-O 7. Re1 Kh8 8. h3
Ng8 9. Nc3 f5 10. exf5 Bxf5 11. Nd5 h6 12. c3 Qd7 13. Ne3 Bh7 14. d4 e4 15. Nd2
Nf6 16. d5 Ne5 17. Nb3 c6 18. Bf1 c5 19. Na5 Rf7 20. Nac4 Ng6 21. Ng4 Raf8 22.
Be3 Nh4 23. b4 b6 24. bxc5 bxc5 25. Nge5 dxe5 26. d6 Bd8 27. Nxe5 Qf5 28. Nxf7+
Rxf7 29. Rb1 Rf8 30. Rb5 Nd7 31. Qg4 Qf7 32. Rb7 Bf5 33. Qe2 Qd5 34. Qa6 Bxh3
35. gxh3 Nf3+ 36. Kg2 Qe5 0-1

[Event "Sparkassen-Open A"]
[Site "Heusenstamm, Martinsee"]
[Date "2021.11.19"]
[Round "3.22"]
[White "Bakiev, Diyor"]
[Black "Wachsmann, Dietmar"]
[Result "1-0"]
[WhiteElo "2107"]
[BlackElo "1983"]
[PlyCount "65"]
[EventDate "2021.??.??"]
[WhiteTeam "Wiesbadener SV"]
[BlackTeam "SC Groß-Umstadt"]

1. e4 c5 2. c3 Nf6 3. e5 Nd5 4. d4 cxd4 5. Nf3 d6 6. cxd4 e6 7. a3 Be7 8. Bd3
Bd7 9. O-O O-O 10. Qe2 Bc6 11. Nc3 Nxc3 12. bxc3 Nd7 13. Rd1 Qc7 14. Bf4 Bxf3
15. Qxf3 dxe5 16. dxe5 Rfd8 17. Rab1 Nc5 18. Bc2 g6 19. Rd4 Rd7 20. Be3 Rad8
21. Rf4 Bg5 22. Rc4 Bxe3 23. Qxe3 b6 24. h4 Rd2 25. Rc1 Qd7 26. Kh2 Qd5 27. Rg4
Qa2 28. Bb1 Qxa3 29. Re1 h5 30. Rg3 Qa4 31. Qg5 Qe8 32. Bxg6 fxg6 33. Qh6 1-0

[Event "Sparkassen-Open A"]
[Site "Heusenstamm, Martinsee"]
[Date "2021.11.19"]
[Round "3.23"]
[White "Bergner, Philipp"]
[Black "Müdder, Rafael"]
[Result "0-1"]
[WhiteElo "2100"]
[BlackElo "1999"]
[PlyCount "54"]
[EventDate "2021.??.??"]
[WhiteTeam "SG Schwäbisch Gmünd"]
[BlackTeam "SG Solingen"]

1. d4 Nf6 2. c4 g6 3. Nc3 d5 4. Nf3 Bg7 5. cxd5 Nxd5 6. e4 Nxc3 7. bxc3 c5 8.
Be3 Qa5 9. Qd2 Nc6 10. Rb1 cxd4 11. cxd4 O-O 12. d5 Bc3 13. dxc6 bxc6 14. Bc4
Bxd2+ 15. Bxd2 Qc7 16. h4 h5 17. Ng5 a5 18. a4 Ba6 19. Ba2 Qd6 20. Rh3 Rab8 21.
Rxb8 Qxb8 22. Bc3 Qf4 23. Re3 Qh2 24. Rf3 Qh1+ 25. Kd2 Rd8+ 26. Kc2 Qd1+ 27.
Kb2 Rb8+ 0-1